Alma remota (Record no. 74543)

MARC details
000 -LEADER
campo de control de longitud fija 00613nam a2200181 i 4500
001 - NÚMERO DE CONTROL
campo de control 74543
003 - IDENTIFICADOR DE NÚMERO DE CONTROL
campo de control ES-MaACL
005 - FECHA Y HORA DE LA ÚLTIMA TRANSACCIÓN
campo de control 20250930063100.0
007 - CAMPO FIJO DE DESCRIPCIÓN FÍSICA--INFORMACIÓN GENERAL
campo de control de longitud fija t|
008 - DATOS DE LONGITUD FIJA--INFORMACIÓN GENERAL
campo de control de longitud fija 040920s1910 sp ||||1| spa d
100 1# - ENTRADA PRINCIPAL--NOMBRE DE PERSONA
Nombre de persona Linares, Antonio G. de,
Fechas asociadas al nombre 1875-1945
9 (RLIN) 72331
245 10 - MENCIÓN DEL TÍTULO
Título Alma remota
Resto del título : drama sinfónico en dos actos /
Mención de responsabilidad, etc. Antonio G. de Linares ; [Poemas sinfónicos de Jesús Aroca].
260 ## - PUBLICACIÓN, DISTRIBUCIÓN, ETC.
Lugar de publicación, distribución, etc. Madrid :
Nombre del editor, distribuidor, etc. [s.n.],
Fecha de publicación, distribución, etc. 1910 (
Fabricante F. Moliner)
300 ## - DESCRIPCIÓN FÍSICA
Extensión 133 p., de 1-10, de 1 á 12 p. de mús. ;
Dimensiones 20 cm.
700 1# - ENTRADA AGREGADA--NOMBRE PERSONAL
Nombre de persona Aroca, Jesús.
9 (RLIN) 158210
852 ## - LOCALIZACIÓN
Ubicación ES-MaACL
Número de control de estantería G-9821
Holdings
Estatus retirado Estado de pérdida Estado de daño No para préstamo Biblioteca de origen Biblioteca actual Ubicación en estantería Fecha de adquisición Fuente de adquisición Total de préstamos Signatura topográfica completa Código de barras Visto por última vez Precio de reemplazo Tipo de ítem Koha
        Biblioteca del Ateneo de Madrid Biblioteca del Ateneo de Madrid Sala Pecera Planta 3 17/01/2008     G-9821 1078030 23/02/2023 23/02/2023 Libro impreso